Compendio de auditoría (Registro nro. 553)

Detalles MARC
000 -LEADER
fixed length control field 01367 a2200217 4500
001 - CONTROL NUMBER
control field 13842
005 - DATE AND TIME OF LATEST TRANSACTION
control field 20260407155444.0
008 - FIXED-LENGTH DATA ELEMENTS--GENERAL INFORMATION
fixed length control field 260407a2003 arg spa d
003 - CONTROL NUMBER IDENTIFIER
control field AR-UNSa-BCEJYS
040 ## - CATALOGING SOURCE
Original cataloging agency AR-UNSa-BCEJYS
Language of cataloging spa
Transcribing agency AR-UNSa-BCEJYS
080 ## - UNIVERSAL DECIMAL CLASSIFICATION NUMBER
Universal Decimal Classification number 657.6
Common auxiliary subdivision Auditoria (control interno)
020 ## - INTERNATIONAL STANDARD BOOK NUMBER
International Standard Book Number 987-9164-76-8
100 1# - MAIN ENTRY--PERSONAL NAME
Personal name Lattuca, Antonio Juan
245 10 - TITLE STATEMENT
Title Compendio de auditoría
264 #1 - PRODUCTION, PUBLICATION, DISTRIBUTION, MANUFACTURE, AND COPYRIGHT NOTICE
Place of production, publication, distribution, manufacture Buenos Aires :
Name of producer, publisher, distributor, manufacturer Temas Grupo Editorial
Date of production, publication, distribution, manufacture, or copyright notice 2003
300 ## - PHYSICAL DESCRIPTION
Extent 632 p.
Dimensions 23 cm.
505 ## - FORMATTED CONTENTS NOTE
Formatted contents note 1. La auditoría externa de estados contables - 2. El informe breve del auditor - 3. Independencia y responsabilidad del auditor - 4. El proceso de la auditoría - 5. Elementos de juicio y documentación del trabajo - 6. Estructura del control interno - 7. Actividades previas al trabajo - 8. Planeamiento preliminar - 9. Desarrollo del planeamiento - 10. Ejecución de pruebas de controles - 11. Evaluación de controles en los ciclos de negocios - 12. Ejecución de pruebas sustantivas - 13. Pruebas sustantivas aplicadas a las cuentas - 14. Los trabajos finales del auditor - 15. Otros trabajos e informes del auditor - 16. Sindicatura de sociedades y auditoría externa
590 ## - LOCAL NOTE (RLIN)
Local note niveau_biblio:m niveau_hierar:0
856 41 - ELECTRONIC LOCATION AND ACCESS
Uniform Resource Identifier <a href="https://biblioeco.unsa.edu.ar/pmb/images/libros/Compendio de Auditor?a-l86595.jpg">https://biblioeco.unsa.edu.ar/pmb/images/libros/Compendio de Auditor?a-l86595.jpg</a>
Link text Imagen de portada
Electronic format type image/jpeg
942 ## - ADDED ENTRY ELEMENTS (KOHA)
Koha item type
Existencias
Withdrawn status Lost status Damaged status Not for loan Home library Current library Shelving location Date acquired Total checkouts Full call number Barcode Date last seen Price effective from Koha item type
        Biblioteca Prof. Eusebio Cleto del Rey Biblioteca Prof. Eusebio Cleto del Rey   07/04/2026   657.6 L351 L86595 07/04/2026 07/04/2026 Libro
        Biblioteca Prof. Eusebio Cleto del Rey Biblioteca Prof. Eusebio Cleto del Rey   07/04/2026   657.6 L351 L86599 07/04/2026 07/04/2026 Libro
        Biblioteca Prof. Eusebio Cleto del Rey Biblioteca Prof. Eusebio Cleto del Rey   07/04/2026   657.6 L351 L86598 07/04/2026 07/04/2026 Libro
        Biblioteca Prof. Eusebio Cleto del Rey Biblioteca Prof. Eusebio Cleto del Rey   07/04/2026   657.6 L351 L86596 07/04/2026 07/04/2026 Libro